| Tag |
First Indicator |
Second Indicator |
Subfields |
| LEADER |
00000pam a22000004a 4500 |
| 001 |
in00002104530 |
| 005 |
20151103050834.0 |
| 008 |
050520s2006 mau b 001 0 eng |
| 010 |
|
|
|a 2005014826
|
| 015 |
|
|
|a GBA559147
|2 bnb
|
| 016 |
7 |
|
|a 013250966
|2 Uk
|
| 020 |
|
|
|a 1405133570 (hardcover : alk. paper)
|
| 020 |
|
|
|a 1405130490 (pbk. : alk. paper)
|
| 024 |
3 |
|
|a 9781405133579
|
| 024 |
3 |
|
|a 9781405130493
|
| 035 |
|
|
|a (OCoLC)ocm60500286
|
| 040 |
|
|
|a DLC
|c DLC
|d YDX
|d UKM
|d BAKER
|d UtOrBLW
|
| 042 |
|
|
|a pcc
|
| 049 |
|
|
|a TXAM
|
| 050 |
0 |
0 |
|a BF76.5
|b .P68 2006
|
| 082 |
0 |
0 |
|a 150/.72
|2 22
|
| 100 |
1 |
|
|a Proctor, Robert W.
|
| 245 |
1 |
0 |
|a Why science matters :
|b understanding the methods of psychological research /
|c Robert W. Proctor and E.J. Capaldi.
|
| 264 |
|
1 |
|a Malden, MA :
|b Blackwell Pub.,
|c 2006.
|
| 300 |
|
|
|a xii, 229 pages ;
|c 24 cm.
|
| 336 |
|
|
|a text
|b txt
|2 rdacontent
|
| 337 |
|
|
|a unmediated
|b n
|2 rdamedia
|
| 338 |
|
|
|a volume
|b nc
|2 rdacarrier
|
| 504 |
|
|
|a Includes bibliographical references (pages 195-209) and indexes.
|
| 505 |
0 |
|
|a Understanding science : the armchair versus practice -- Major issues to emerge in 20th century approaches to science -- Methodology in the postpositivist era -- Theory testing -- Inference to the best explanation -- The new means of understanding science -- Postmodernism and the rejection of the conventional conception of science -- Qualitative research methods -- Critical evaluation of qualitative inquiry's approach to qualitative methods -- Internal and external validity.
|
| 650 |
|
0 |
|a Psychology
|x Research
|x Methodology.
|
| 650 |
|
0 |
|a Psychology, Experimental
|x Research
|x Methodology.
|
| 700 |
1 |
|
|a Capaldi, E. John.
|
| 856 |
4 |
1 |
|3 Table of contents
|u http://www.loc.gov/catdir/toc/ecip0513/2005014826.html
|t 0
|
| 938 |
|
|
|a Baker & Taylor
|b BKTY
|c 29.95
|d 29.95
|i 1405130490
|n 0006470596
|s active
|
| 938 |
|
|
|a Baker & Taylor
|b BKTY
|c 74.95
|d 74.95
|i 1405133570
|n 0006456516
|s active
|
| 945 |
|
|
|i PromptCat
|
| 947 |
|
|
|a A14832758490
|
| 994 |
|
|
|a 92
|b TXA
|
| 948 |
|
|
|a cataloged
|b h
|c 2006/3/7
|d c
|e rbarron
|f 5:50:01 pm
|
| 999 |
|
|
|a MARS
|
| 999 |
f |
f |
|s 682ce30d-f76c-3861-a214-fa34a75b9717
|i 31dfd1a4-a5f6-3df0-b02c-6d5bc0b66937
|t 0
|
| 952 |
f |
f |
|p normal
|a Texas A&M University
|b College Station
|c Sterling C. Evans Library
|d Evans: Library Stacks
|t 0
|e BF76.5 .P68 2006
|h Library of Congress classification
|i unmediated -- volume
|m A14832758490
|
| 998 |
f |
f |
|a BF76.5 .P68 2006
|t 0
|l Evans: Library Stacks
|